|
|
|
|
| LEADER |
01665nam a2200385 i 4500 |
| 001 |
EBC6262207 |
| 003 |
MiAaPQ |
| 005 |
20201105020145.0 |
| 006 |
m o d | |
| 007 |
cr cnu|||||||| |
| 008 |
201105s2020 wiua o 000 0 eng d |
| 020 |
|
|
|z 9781951058036
|
| 020 |
|
|
|a 9781951058043 (e-book)
|
| 035 |
|
|
|a (MiAaPQ)EBC6262207
|
| 035 |
|
|
|a (Au-PeEL)EBL6262207
|
| 035 |
|
|
|a (OCoLC)1139013188
|
| 040 |
|
|
|a MiAaPQ
|b eng
|e rda
|e pn
|c MiAaPQ
|d MiAaPQ
|
| 050 |
|
4 |
|a HD30.3
|b .V49 2020
|
| 082 |
0 |
|
|a 658.45
|2 23
|
| 100 |
1 |
|
|a Veyera, Jeff,
|e author.
|
| 245 |
1 |
0 |
|a Culture is everything :
|b how to become a true culture warrior and lead your organization to victory /
|c Jeff Veyera.
|
| 264 |
|
1 |
|a Milwaukee, Wisconsin :
|b Quality Press,
|c 2020.
|
| 300 |
|
|
|a 1 online resource (x, 204 pages) :
|b illustrations
|
| 336 |
|
|
|a text
|b txt
|2 rdacontent
|
| 337 |
|
|
|a computer
|b c
|2 rdamedia
|
| 338 |
|
|
|a online resource
|b cr
|2 rdacarrier
|
| 588 |
|
|
|a Description based on print version record.
|
| 590 |
|
|
|a Electronic reproduction. Ann Arbor, MI : ProQuest, 2018. Available via World Wide Web. Access may be limited to ProQuest affiliated libraries.
|
| 650 |
|
0 |
|a Communication in organizations.
|
| 650 |
|
0 |
|a Organizational change.
|
| 650 |
|
0 |
|a Organizational effectiveness.
|
| 655 |
|
4 |
|a Electronic books.
|
| 776 |
0 |
8 |
|i Print version:
|a Veyera, Jeff.
|t Culture is everything : how to become a true culture warrior and lead your organization to victory.
|d Milwaukee, Wisconsin : Quality Press, 2020
|h x, 204 pages
|z 9781951058036
|
| 797 |
2 |
|
|a ProQuest (Firm)
|
| 856 |
4 |
0 |
|u https://ebookcentral.proquest.com/lib/matrademy/detail.action?docID=6262207
|z Click to View
|